| 000 | 00492nam a22001697a 4500 | ||
|---|---|---|---|
| 003 | OSt | ||
| 005 | 20210213113933.0 | ||
| 008 | 210213b ||||| |||| 00| 0 eng d | ||
| 020 | _a9789351525882 | ||
| 040 |
_aPHNSL _cPHNSL |
||
| 100 | _aBasavanthappa, B.T. | ||
| 245 |
_aPractice workbook of medical surgical nursing / _cB.T. Basavanthappa. |
||
| 260 |
_aNew Delhi : _bJaypee, _c2015. |
||
| 300 | _aix, 194 p. | ||
| 650 |
_aMedical nursing _vSurgical nursing _xNursing workbook |
||
| 942 |
_2lcc _cBK |
||
| 999 |
_c280 _d280 |
||